000 00211nam a22000857a 4500
008 170626b xxu||||| |||| 00| 0 eng d
100 _93681
_aKoshy. S
245 _aComputers made friendly X
260 _aNew Delhi
_c2009
999 _c7096
_d7096